书目信息 |
| 题名: |
“学习者英语情态语音数据库”及其应用
|
|
| 作者: | 何家勇 主编 | |
| 分册: | ||
| 出版信息: | 成都 四川大学出版社 2022.05 |
|
| 页数: | 223页 | |
| 开本: | 21cm | |
| 丛书名: | ||
| 单 册: | ||
| 中图分类: | H315.9 | |
| 科图分类: | ||
| 主题词: | 英语--ying yu--语料库--研究 | |
| 电子资源: | ||
| ISBN: | 978-7-5690-4409-6 | |
| 000 | 01295nam0 2200241 450 | |
| 001 | 011025152823 | |
| 005 | 20221025152823.0 | |
| 010 | @a978-7-5690-4409-6@dCNY188.00 | |
| 100 | @a20201004d2022 em y0chiy0110 ea | |
| 101 | 0 | @achi |
| 102 | @aCN@b510000 | |
| 105 | @aa z 000yy | |
| 106 | @ar | |
| 200 | 1 | @a“学习者英语情态语音数据库”及其应用@Axue xi zhe ying yu qing tai yu yin shu ju ku ji qi ying yong@dAttitudinal corpus of learner English and its application@f何家勇主编@zeng |
| 210 | @a成都@c四川大学出版社@d2022.05 | |
| 215 | @a223页@c图@d21cm@e附光盘1张 | |
| 307 | @a附光盘:ISBN 978-7-900948-17-3 | |
| 330 | @a本书为同名数据库配书,是国内第一个学习者英语情态语音数据库。本书分5章,介绍了数据库的基本信息和标注方法。该数据库收录了16804个录音文件,标注文件16804个,标注文本字符约92万。该库收录了小学、初中、高中、本科(非英语专业)、研究生(英语专业)5个层次,147人的英语学习者,以及作为参照的母语者32人(英国人23名,美国人9名)在表达礼貌、真诚、热情等14种情态时的高品质录音。研究者可对本库中英语本族语者和中国学习者的语料做各种情态的语音和韵律分析。 | |
| 510 | 1 | @aAttitudinal corpus of learner English and its application@zeng |
| 606 | 0 | @a英语@Aying yu@x语料库@x研究 |
| 690 | @aH315.9@v5 | |
| 701 | 0 | @a何家勇@Ahe jia yong@4主编 |
| 905 | @a河南城建学院图书馆@dH315.9@eH188 | |
| “学习者英语情态语音数据库”及其应用=Attitudinal corpus of learner English and its application/何家勇主编.-成都:四川大学出版社,2022.05 |
| 223页:图;21cm+附光盘1张 |
| ISBN 978-7-5690-4409-6:CNY188.00 |
| 本书为同名数据库配书,是国内第一个学习者英语情态语音数据库。本书分5章,介绍了数据库的基本信息和标注方法。该数据库收录了16804个录音文件,标注文件16804个,标注文本字符约92万。该库收录了小学、初中、高中、本科(非英语专业)、研究生(英语专业)5个层次,147人的英语学习者,以及作为参照的母语者32人(英国人23名,美国人9名)在表达礼貌、真诚、热情等14种情态时的高品质录音。研究者可对本库中英语本族语者和中国学习者的语料做各种情态的语音和韵律分析。 |
| ● |
| 相关链接 |
|
|
|
正题名:"学习者英语情态语音数据库"及其应用
索取号:H315.9/H188
 
预约/预借
| 序号 | 登录号 | 条形码 | 馆藏地/架位号 | 状态 | 备注 |
| 1 | 1585922 | 215859220 | 语言库209/209语言库 9排2列5层/ [索取号:H315.9/H188] | 在馆 |